Vista normal
Vista MARC
- laboratori mèdic
Entrada Terme temàtic
Nombre de registres utilitzats a: 3
001 - NÚMERO DE CONTROL
- campo de control: 62124
003 - IDENTIFICADOR DE NÚMERO DE CONTROL
- campo de control: OSt
005 - FECHA Y HORA DE LA ÚLTIMA TRANSACCIÓN
- campo de control: 20210930002313.0
008 - ELEMENTOS DE DATO DE LONGITUD-FIJA
- campo de control de longitud fija: 210929|| aca||aabn | a|a d
040 ## - FUENTE DE CATALOGACIÓN
- Centro catalogador/agencia de origen: OSt
- Centro/agencia transcriptor: OSt
150 ## - ENCABEZAMIENTO--TÉRMINO DE MATERIA
- Término de materia o nombre geográfico como elemento de entrada: laboratori mèdic
670 ## - FUENTE DE DATOS ENCONTRADOS
- Cita de la fuente: Work cat.: (OSt)34868: Fuentes i Arderiu, Xavier 32335, Revisions, opinions i suggeriments sobre les ciències de laboratori clínic: Publicació commemorativa del I Congrés Català de Ciències de Laboratori Clínic